Sistema nervioso humano : (Record no. 20447)

000 -CABECERA
fixed length control field 00957nam a22002417a 4500
003 - IDENTIFICADOR DEL NÚMERO DE CONTROL
control field AR-CdUCM
008 - DATOS DE LONGITUD FIJA--INFORMACIÓN GENERAL
fixed length control field 190522b ||||| |||| 00| 0 spa d
040 ## - FUENTE DE LA CATALOGACIÓN
Agencia/entidad que catalogó originalmente la obra MUNICIPALIDAD PROVINCIAL DEL CUSCO
Entidad que transcribió la catalogación BIBLIOTECA MUNICIPAL DEL CUSCO
082 ## - NÚMERO DE LA CLASIFICACIÓN DECIMAL DEWEY
No. de Clasificación 616.8 /
Notacion interna N69
100 ## - ENTRADA PRINCIPAL--NOMBRE DE PERSONA
Nombre Personal Noback Ph. D, Charles R.
245 ## - MENCIÓN DE TÍTULO
Título Sistema nervioso humano :
Resto del título Fundamentos de neurobiología /
260 ## - PUBLICACIÓN, DISTRIBUCIÓN, ETC.
Lugar de publicación, distribución, etc. México :
Nombre de la editorial, distribuidor, etc. McGraw-Hill
Fecha de publicación, distribución, etc. 1980.
300 ## - DESCRIPCIÓN FÍSICA
Nº de Páginas Extensión 421 páginas ;
Dimensiones 30 cm.
Otros detalles físicos Figuras, imagenes
505 ## - NOTA DE CONTENIDO CON FORMATO
Nota de contenido formateada Contenido: El cerebro: Anatomía macroscópica e irrigación sanguínea. meninges -- Anatomía microscópica básica -- Elementos estructurales -- Neurofisiología básica...
650 ## - PUNTO DE ACCESO ADICIONAL DE MATERIA--TÉRMINO DE MATERIA
Descriptor Sistema olfatoria
9 (RLIN) 42755
650 ## - PUNTO DE ACCESO ADICIONAL DE MATERIA--TÉRMINO DE MATERIA
Descriptor Neurofisiología
9 (RLIN) 42756
650 ## - PUNTO DE ACCESO ADICIONAL DE MATERIA--TÉRMINO DE MATERIA
Descriptor Médula espinal
9 (RLIN) 42757
650 ## - PUNTO DE ACCESO ADICIONAL DE MATERIA--TÉRMINO DE MATERIA
Descriptor Sistema nervioso
9 (RLIN) 26592
700 ## - PUNTO DE ACCESO ADICIONAL--NOMBRE DE PERSONA
Nombre Personal Demarest, Robert J.
9 (RLIN) 42758
700 ## - PUNTO DE ACCESO ADICIONAL--NOMBRE DE PERSONA
Nombre Personal Vega Lezama, F. Carlos
9 (RLIN) 42759
942 ## - ELEMENTOS DE PUNTO DE ACCESO ADICIONAL (KOHA)
Fuente de clasificación
Tipo de item Libros-BMC
945 ## - PROCESAMIENTO DE INFORMACIÓN LOCAL (OCLC)
Catalogador rcc
Holdings
Estado de retiro (separado) Fuente de clasificación o esquema de estanterías Estado dañado Ubicación Sala donde se ubica Nombre de la colección Fecha de adquisición o compra Costo, precio normal en soles Signatura topográfica Código de Barras Última vez visto (Koha) Tipo de ítem (Koha)
No     Sala Ciencias Sala Ciencias Book Cart 2019-05-30 25.00 616.8 / N69 SC0000002019 2019-05-30 Libros-BMC

Powered by Koha